[Event "Portugal Open 2020"]
[Site "Lisbon"]
[Date "2020.02.01"]
[Round "9.21"]
[White "Reis, Luis Sousa"]
[Black "Butkiewicz, Lukasz"]
[Result "1-0"]
[WhiteElo "2187"]
[BlackElo "2416"]
[Annotator "TA"]
[PlyCount "25"]
[EventDate "2020.01.25"]
[EventType "swiss"]
[EventCountry "POR"]
[SourceTitle "playchess.com"]
[Source "ChessBase"]
[SourceQuality "1"]

{[%evp 15,91,39,47,0,0,-8,8,10,12,18,45,-79,105,117,179,167,144,44,96,49,78,56,81,0,0,0,47,68,236,172,168,162,225,142,379,347,444,415,500,500,498,356,363,333,342,317,478,389,468,456,439,419,418,402,964,933,931,817,1968,842,29982,29983,29983,29984,29984,29985,29985,12842,29984,29985,29985,29986,29991,29987,29987,29988,29989,29990]} 1. e4 c5 2. Nf3 e6 3. Nc3 a6 4. d4 cxd4 5. Nxd4 Qc7 6. f4 Nc6 7. Nxc6 Qxc6 8. Bd3 b5 9. O-O {B47: Sicilian: Taimanov: 5 Nc3 Qc7 6 f4, 6 g3 and 6 Be2.} (9. Qe2 $14) 9... Bc5+ $11 10. Kh1 Bb7 {[#]} 11. Qg4 $146 {The position is equal.} ({Predecessor:} 11. Qe2 b4 12. Nd1 Nf6 13. e5 Nd5 14. Rf3 Qc7 15. Rh3 Qb6 16. Bd2 Bd4 17. Rb1 {0-1 (42) Lehmann,M-Helm,L Erfurt 1998}) 11... g6 12. f5 b4 13. fxe6 {Played: Nc3-d5} 1-0

[Event "Portugal Open 2020"]
[Site "Lisbon"]
[Date "2020.02.01"]
[Round "9.22"]
[White "Tscharotschkin, Michael"]
[Black "Vasli, Aref"]
[Result "0-1"]
[WhiteElo "2156"]
[BlackElo "2391"]
[Annotator "NA"]
[PlyCount "68"]
[EventDate "2020.01.25"]
[EventType "swiss"]
[EventCountry "POR"]
[SourceTitle "playchess.com"]
[Source "ChessBase"]
[SourceQuality "1"]
[TimeControl "5400+30"]

1. d4 {[%emt 0:05:08]} Nf6 {[%emt 0:00:00]} 2. Nf3 {[%emt 0:00:07]} e6 {[%emt 0:00:00]} 3. Bf4 {[%emt 0:00:06]} b6 {[%emt 0:00:01]} 4. e3 {[%emt 0:00:07]} Be7 {[%emt 0:00:09]} 5. Nbd2 {[%emt 0:00:06]} O-O {[%emt 0:00:28]} 6. Bd3 {[%emt 0:00:19] A47: 1 d4 Nf6 2 Nf3 b6: Torre, London and Colle Systems} c5 {[%emt 0:00:10]} 7. c3 {[%emt 0:00:37]} d6 {[%emt 0:03:54]} 8. Qe2 {[%emt 0:00:39]} Bb7 {[%emt 0:00:29]} 9. e4 {[%emt 0:01:07]} cxd4 {[%emt 0:03:02]} 10. cxd4 {[%emt 0:00:18]} Nc6 {[%emt 0:00:05]} 11. a3 {[%emt 0:00:46] [#]} Re8 $146 {[%emt 0:01:00]} ({Predecessor:} 11... e5 12. dxe5 dxe5 13. Bxe5 Nh5 14. Bc4 Bf6 15. Bxf6 Qxf6 16. O-O Qxb2 17. Qe3 Rae8 {½-½ (41) Haribalu,V (2208)-Gilevich,A (2409) London 2018}) 12. O-O {[%emt 0:00:22]} a6 {[%emt 0:00:57]} 13. Rac1 {[%emt 0:01:27]} Bf8 {[%emt 0:00:48]} 14. e5 {[%emt 0:01:45]} dxe5 {[%emt 0:10:13]} 15. dxe5 {[%emt 0:00:37]} Nd4 {[%emt 0:14:05]} 16. Nxd4 {[%emt 0:06:03]} Qxd4 {[%emt 0:00:09]} 17. Rc4 {[%emt 0:04:09]} Qd5 {[%emt 0:00:06] [#]} 18. Nf3 $1 {[%emt 0:01:11]} b5 {[%emt 0:08:37]} 19. Rd4 {[%emt 0:14:44]} Qc5 {[%emt 0:08:49]} 20. Rd1 {[%emt 0:02:58]} g6 $14 {[%emt 0:07:50]} 21. Bxg6 {[%emt 0:06:38]} hxg6 {[%emt 0:01:04]} 22. exf6 {[%emt 0:00:24]} Qh5 {[%emt 0:13:33]} 23. Qe5 {[%emt 0:07:45]} Bxf3 {[%emt 0:08:09]} 24. gxf3 {[%emt 0:00:08]} Qxf3 25. R1d3 {[%emt 0:11:08]} Qg4+ {[%emt 0:00:22]} 26. Rg3 {[%emt 0:00:42]} Qf5 {[%emt 0:00:02]} 27. Rd7 {[%emt 0:00:31]} Qb1+ {[%emt 0:01:53]} 28. Kg2 {[%emt 0:00:30]} Rac8 {[%emt 0:01:46]} 29. b4 {[%emt 0:03:13]} Red8 {[%emt 0:08:02]} 30. Rc3 {[%emt 0:12:09]} Qa2 {[%emt 0:03:50]} 31. h4 {[%emt 0:04:02]} Ra8 {[%emt 0:05:35]} 32. Rcd3 {[%emt 0:01:01]} Rxd7 {[%emt 0:00:14]} 33. Rxd7 {[%emt 0:00:06]} Qc2 {[%emt 0:00:25]} 34. h5 {[%emt 0:01:32]} Qc6+ {[%emt 0:00:13]} 0-1

[Event "Portugal Open 2020"]
[Site "Lisbon"]
[Date "2020.02.01"]
[Round "9.23"]
[White "Silva, Goncalo Nuno Neto Pi"]
[Black "Gonzalez Trigal, Jose Luis"]
[Result "0-1"]
[WhiteElo "2133"]
[BlackElo "2369"]
[Annotator "TA"]
[PlyCount "128"]
[EventDate "2020.01.25"]
[EventType "swiss"]
[EventCountry "POR"]
[SourceTitle "playchess.com"]
[Source "ChessBase"]
[SourceQuality "1"]

{[%evp 10,162,23,25,20,0,0,-12,-6,0,0,0,0,-17,-14,0,-1,-17,-17,-26,-29,-30,-13,-32,0,0,0,0,0,0,0,0,0,-7,-8,-38,12,0,3,-16,-18,-16,-13,-12,-9,-15,0,0,0,0,0,0,15,12,4,0,3,0,0,0,0,0,32,0,0,-18,0,-27,0,-32,0,-12,-5,-1,-10,-7,-10,-38,-36,-56,-31,-49,-43,-34,0,0,0,0,0,0,0,-381,-75,-83,0,-381,-381,-340,-354,-203,-278,-380,-8,-8,0,-319,0,0,0,-536,-29,-510,0,-547,-485,-514,-514,-610,-568,-469,-344,-5527,-5526,-10906,-10906,-2507,-1125,-6801,-1896,-29972,-29973,-29977,-29978,-29978,-29979,-29979,-29980,-29980,-29979,-29979,-29978,-29980,-29979,-29981,-29982,-29984,-29985,-29988,-29989,-29989,-29990,-29990,-29990,-29990,-29988]} 1. e4 c5 2. Nf3 d6 3. Bb5+ Bd7 4. Bxd7+ Nxd7 5. c3 Ngf6 6. Qe2 Rc8 {[#] B50: Sicilian: 2...d6, Miscellaneous.} 7. d4 $146 ({Predecessor:} 7. O-O e6 8. d4 cxd4 9. cxd4 Be7 10. Nc3 O-O 11. e5 Ne8 12. d5 Nxe5 13. Nxe5 dxe5 14. dxe6 {½-½ (41) Gasik,A (2210)-Czarnota,D (2214) Warsaw 2012}) 7... cxd4 8. Nxd4 g6 {The position is equal.} 9. O-O Bg7 10. Bg5 O-O 11. Nd2 Qa5 12. Bh4 Rfe8 13. a4 Qh5 14. Qxh5 Nxh5 15. N2b3 Nf4 16. Rfd1 Ne6 17. f3 Ne5 18. Nxe6 fxe6 19. Kf2 Nc4 20. Rab1 Bh6 21. Rd3 e5 22. Ke2 Rc6 {White must now prevent ...Rb6.} 23. Na1 $1 {[#]} b5 $1 {[%mdl 512]} 24. b3 (24. axb5 Rb6) 24... Na3 25. axb5 Nxb5 26. c4 Nd4+ 27. Kd1 $1 Rb8 28. Bxe7 Kf7 29. Bh4 {[#]} Rxc4 $1 {[%mdl 576] Pin} 30. Bf2 (30. bxc4 Rxb1#) 30... Rcb4 31. Bxd4 Rxd4 32. Ke2 {[#]} Ra4 $1 {[%mdl 512]} 33. bxa4 (33. Rc3 {seems wilder.} Ke6 34. Nc2 Kd7 35. b4 Bf4 36. g3) 33... Rxb1 $11 {[%mdl 4096] Endgame KRB-KRN} 34. Nc2 $1 Rb2 35. Rc3 Ke6 36. Kd3 Kd7 37. h3 Rb1 38. Ke2 Rc1 39. Rc4 a6 40. Na3 Rg1 41. Kf2 Ra1 42. Nc2 Rc1 43. Ke2 Bg5 44. g3 h5 45. h4 Bd8 46. Ne3 Rxc4 (46... Rb1 {looks sharper.} 47. Rc3 a5 48. Ra3 Bb6 49. Nc4 Rb4) 47. Nxc4 $15 {KB-KN} Kc6 48. Kd3 Kc5 49. Kc3 $1 Bc7 50. a5 $2 {[%mdl 8192]} (50. g4 $1 $11 {and White has nothing to worry.}) 50... Bd8 $2 (50... d5 $1 $19 {[%cal Rd5c4] and Black stays clearly on top.} 51. exd5 Kxd5) 51. Kd3 $17 Bc7 $2 {[%mdl 8192]} (51... Kc6 $17) 52. Kc3 $19 d5 $1 {[%cal Rd5c4]} 53. exd5 Kxd5 54. Kd3 Kc5 55. g4 {[#]} Kd5 $2 (55... e4+ $1 $19 {[%mdl 512]} 56. fxe4 (56. Kxe4 Kxc4) 56... hxg4) 56. g5 $11 Bd8 57. Ne3+ $2 {[%mdl 8192] [#]} (57. Nb6+ $1 $11 Ke6 58. Ke4) 57... Kc5 $2 (57... Ke6 $1 $19 58. Nc4 Kf5) 58. Nc4 Bc7 {...Kb5 is the strong threat.} 59. Kc3 $2 {[%mdl 8192]} (59. Nb2 $1 $11) 59... Kb5 $2 (59... e4 $19 60. fxe4 Bg3) 60. Kb3 $2 {[%mdl 8192]} (60. Kd3 $11 {and White is okay.}) 60... Kc5 61. Kc3 {[#]} e4 $1 {[%mdl 512]} 62. fxe4 Bg3 63. Nb6 Bxh4 64. Nd7+ Kb5 {Played: Kc5-d6} 0-1

[Event "Portugal Open 2020"]
[Site "Lisbon"]
[Date "2020.02.01"]
[Round "9.24"]
[White "Sismeiro, Miguel"]
[Black "Bayramov, Zaur"]
[Result "0-1"]
[WhiteElo "2026"]
[BlackElo "2333"]
[Annotator "NA"]
[PlyCount "56"]
[EventDate "2020.01.25"]
[EventType "swiss"]
[EventCountry "POR"]
[SourceTitle "playchess.com"]
[Source "ChessBase"]
[SourceQuality "1"]
[TimeControl "5400+30"]

1. e4 {[%emt 0:02:29]} g6 {[%emt 0:00:00]} 2. d4 {[%emt 0:00:08]} Bg7 {[%emt 0:00:00]} 3. Nc3 {[%emt 0:00:05]} d6 {[%emt 0:00:00]} 4. Nf3 {[%emt 0:00:05]} Nf6 {[%emt 0:00:20]} 5. h3 {[%emt 0:00:10]} O-O {[%emt 0:00:10]} 6. Be3 {[%emt 0:00:19]} c6 {[%emt 0:00:47]} 7. a4 {[%emt 0:01:20]} Nbd7 {[%emt 0:00:58]} 8. Bc4 {[%emt 0:06:01]} Nxe4 {[%emt 0:06:02]} 9. Bxf7+ {[%emt 0:13:10]} Rxf7 {[%emt 0:00:08]} 10. Nxe4 {[%emt 0:00:01]} Nf6 {[%emt 0:13:36]} 11. Nxf6+ {[%emt 0:19:32]} exf6 {[%emt 0:02:02]} 12. O-O {[%emt 0:00:15]} d5 {[%emt 0:00:21]} 13. c3 {[%emt 0:01:08]} Be6 {[%emt 0:01:46]} 14. Ne1 {[%emt 0:03:05]} Qd6 15. Nd3 Re8 16. Bf4 {[%emt 0:02:48]} Qd8 {[%emt 0:03:05]} 17. Re1 {[%emt 0:01:18]} Rfe7 {[%emt 0:02:35]} 18. Qd2 $11 {[%emt 0:02:35]} g5 {[%emt 0:01:08]} 19. Bg3 {[%emt 0:02:32]} Bf5 {[%emt 0:02:56]} 20. f3 {[%emt 0:03:42]} Bf8 {[%emt 0:01:21]} 21. Rxe7 {[%emt 0:04:48]} Rxe7 {[%emt 0:01:03]} 22. a5 {[%emt 0:03:29]} Qe8 {[%emt 0:05:45]} 23. Kf2 {[%emt 0:05:45]} Qg6 {[%emt 0:04:41]} 24. Nc5 {[%emt 0:07:08]} Bh6 25. Re1 {[%emt 0:12:32]} g4 {[%emt 0:07:09]} 26. Bf4 {[%emt 0:02:57]} Bxf4 {[%emt 0:00:17]} 27. Qxf4 {[%emt 0:00:03]} g3+ {[%emt 0:00:12]} 28. Kf1 {[%emt 0:01:51]} Bd3+ {[%emt 0:00:09]} 0-1

[Event "Portugal Open 2020"]
[Site "Lisbon"]
[Date "2020.02.01"]
[Round "9.25"]
[White "Martins, Diogo Faria Oliveira"]
[Black "Esquivias Quintero, Luis Manuel"]
[Result "0-1"]
[WhiteElo "1998"]
[BlackElo "2318"]
[Annotator "ChessBase"]
[PlyCount "68"]
[EventDate "2020.01.25"]
[EventType "swiss"]
[EventCountry "POR"]
[SourceTitle "playchess.com"]
[Source "ChessBase"]
[SourceQuality "1"]
[TimeControl "5400+30"]

1. e4 {[%emt 0:00:00]} c5 {[%emt 0:08:06]} 2. Nf3 {[%emt 0:00:11]} d6 {[%emt 0:00:02]} 3. d4 {[%emt 0:00:07]} cxd4 {[%emt 0:00:02]} 4. Nxd4 {[%emt 0:00:06]} Nf6 {[%emt 0:00:03]} 5. Nc3 {[%emt 0:00:06]} Nc6 {[%emt 0:00:04]} 6. Be3 {[%emt 0:00:59]} Ng4 {[%emt 0:00:11]} 7. Bb5 {[%emt 0:01:18]} Nxe3 {[%emt 0:13:09]} 8. fxe3 {[%emt 0:00:26]} Bd7 {[%emt 0:00:46]} 9. O-O {[%emt 0:00:17]} e6 {[%emt 0:00:30]} 10. Bxc6 {[%emt 0:01:38]} bxc6 {[%emt 0:00:57]} 11. Qf3 {[%emt 0:00:12]} Qf6 {[%emt 0:02:25]} 12. Qe2 {[%emt 0:00:50]} Qe7 {[%emt 0:14:28]} 13. Qa6 {[%emt 0:12:13]} Rc8 {[%emt 0:00:05]} 14. Qxa7 {[%emt 0:00:43]} g6 {[%emt 0:00:20]} 15. Na4 {[%emt 0:05:52]} Bh6 {[%emt 0:07:11]} 16. Rf3 c5 17. Nb6 {[%emt 0:06:40]} cxd4 {[%emt 0:02:28]} 18. Nxc8 {[%emt 0:01:16]} Bxc8 {[%emt 0:00:03]} 19. Qxe7+ {[%emt 0:00:11]} Kxe7 {[%emt 0:00:02]} 20. exd4 {[%emt 0:00:08]} Bb7 {[%emt 0:00:03]} 21. Re1 {[%emt 0:01:19]} f5 {[%emt 0:01:54]} 22. Rh3 {[%emt 0:00:21]} Bg7 {[%emt 0:00:05]} 23. e5 {[%emt 0:01:14]} dxe5 {[%emt 0:00:04]} 24. dxe5 {[%emt 0:00:07]} Be4 {[%emt 0:00:12]} 25. c4 {[%emt 0:02:31]} Bxe5 {[%emt 0:01:32]} 26. b4 {[%emt 0:00:16]} Rd8 {[%emt 0:04:25]} 27. Rxh7+ {[%emt 0:07:33]} Kf6 {[%emt 0:01:01]} 28. Rxe4 {[%emt 0:00:07]} fxe4 {[%emt 0:00:10]} 29. a4 {[%emt 0:04:22]} e3 {[%emt 0:02:07]} 30. Kf1 {[%emt 0:00:17]} Rd2 {[%emt 0:00:13]} 31. Rh3 {[%emt 0:01:31]} Rf2+ {[%emt 0:00:04]} 32. Kg1 {[%emt 0:00:43]} Bd4 {[%emt 0:00:22]} 33. Rf3+ {[%emt 0:00:08]} Rxf3 {[%emt 0:00:04]} 34. gxf3 {[%emt 0:00:04]} e2+ {[%emt 0:00:07]} 0-1

[Event "Portugal Open 2020"]
[Site "Lisbon"]
[Date "2020.02.01"]
[Round "9.26"]
[White "Veiga, Jose Francisco R P N"]
[Black "Maloberti, David"]
[Result "0-1"]
[WhiteElo "2312"]
[BlackElo "2017"]
[Annotator "NA"]
[PlyCount "62"]
[EventDate "2020.01.25"]
[EventType "swiss"]
[EventCountry "POR"]
[SourceTitle "playchess.com"]
[Source "ChessBase"]
[SourceQuality "1"]
[TimeControl "5400+30"]

1. e4 {[%emt 0:09:55]} e6 {[%emt 0:00:00]} 2. d4 {[%emt 0:00:19]} d5 {[%emt 0:00:00]} 3. Nd2 {[%emt 0:00:11]} c5 {[%emt 0:00:00]} 4. exd5 {[%emt 0:00:05]} exd5 {[%emt 0:00:00]} 5. Ngf3 {[%emt 0:00:10]} Nf6 {[%emt 0:00:03]} 6. Bb5+ {[%emt 0:00:19]} Bd7 {[%emt 0:00:06]} 7. Qe2+ {[%emt 0:11:07]} Be7 {[%emt 0:00:05]} 8. Ne5 {[%emt 0:00:42]} O-O {[%emt 0:06:39]} 9. Nxd7 {[%emt 0:00:30]} Nbxd7 {[%emt 0:00:22]} 10. dxc5 {[%emt 0:00:08]} Bxc5 {[%emt 0:04:37]} 11. O-O {[%emt 0:00:28]} Re8 {[%emt 0:00:03]} 12. Qd1 {[%emt 0:01:49]} a6 {[%emt 0:00:04]} 13. Be2 {[%emt 0:00:48]} Qe7 {[%emt 0:04:49]} 14. Bd3 {[%emt 0:04:59]} Ne4 {[%emt 0:10:16]} 15. Nb3 {[%emt 0:01:40]} Bb6 $2 {[%emt 0:03:59]} ({Don't do} 15... Bxf2+ 16. Kh1 $19) (15... Nxf2 $19 16. Rxf2 Bxf2+ 17. Kxf2 Qh4+ {[%mdl 64] Double Attack} 18. Kf1 Qxh2) 16. c3 {[%emt 0:05:59]} Bxf2+ {[%emt 0:04:04]} 17. Rxf2 $2 {[%emt 0:02:04]} (17. Kh1 Ba7 18. Nd4) 17... Nxf2 {[%emt 0:00:06]} 18. Kxf2 $19 {[%emt 0:00:04]} Qh4+ {[%emt 0:00:10]} 19. Kf1 {[%emt 0:00:13]} Qxh2 {[%emt 0:00:13]} 20. Bd2 {[%emt 0:01:15]} Re6 {[%emt 0:02:27]} 21. Be2 {[%emt 0:22:52]} Rf6+ {[%emt 0:13:24]} 22. Bf3 {[%emt 0:00:06]} Ne5 {[%emt 0:00:05]} 23. Nd4 {[%emt 0:00:34]} Re8 {[%emt 0:03:00]} 24. Be3 {[%emt 0:08:37]} Nxf3 {[%emt 0:00:19]} 25. Nxf3 {[%emt 0:00:10]} Rxe3 {[%emt 0:00:21]} 26. Qxd5 {[%emt 0:00:11]} Qd6 {[%emt 0:09:34]} 27. Qxb7 {[%emt 0:00:33]} h6 {[%emt 0:00:40]} 28. Kg1 {[%emt 0:05:52]} Rfxf3 {[%emt 0:00:19]} 29. gxf3 {[%emt 0:00:28]} Qg3+ {[%emt 0:00:04]} 30. Kh1 {[%emt 0:00:13]} Rxf3 {[%emt 0:02:08]} 31. Qb8+ {[%emt 0:00:23]} Qxb8 {[%emt 0:00:08]} 0-1

[Event "Portugal Open 2020"]
[Site "Lisbon"]
[Date "2020.02.01"]
[Round "9.27"]
[White "Chkhaidze, Nikoloz"]
[Black "Hulshof, Peter"]
[Result "1-0"]
[WhiteElo "2288"]
[BlackElo "2192"]
[Annotator "NA"]
[PlyCount "73"]
[EventDate "2020.01.25"]
[EventType "swiss"]
[EventCountry "POR"]
[SourceTitle "playchess.com"]
[Source "ChessBase"]
[SourceQuality "1"]
[TimeControl "5400+30"]

1. d4 {[%emt 0:03:39]} g6 {[%emt 0:00:18]} 2. e4 {[%emt 0:00:11]} Bg7 {[%emt 0:00:09]} 3. Nc3 {[%emt 0:00:06]} c6 {[%emt 0:00:23]} 4. f4 {[%emt 0:00:07]} d5 {[%emt 0:00:15]} 5. e5 {[%emt 0:00:02]} Nh6 {[%emt 0:00:40]} 6. Nf3 {[%emt 0:00:14]} f6 {[%emt 0:00:26]} 7. Be3 {[%emt 0:00:07]} O-O {[%emt 0:01:50]} 8. Qd2 {[%emt 0:00:04]} Bg4 {[%emt 0:02:37]} 9. Be2 {[%emt 0:00:24]} Nf5 {[%emt 0:01:58]} 10. Bf2 {[%emt 0:00:35]} Bh6 {[%emt 0:01:03]} 11. O-O-O {[%emt 0:27:31]} Bxf3 $16 {[%emt 0:23:38]} 12. Bxf3 {[%emt 0:01:36]} fxe5 {[%emt 0:00:58]} 13. dxe5 {[%emt 0:04:22]} e6 {[%emt 0:04:12]} 14. Kb1 {[%emt 0:24:56]} Nd7 {[%emt 0:03:48]} 15. Rhe1 {[%emt 0:00:06]} Nh4 {[%emt 0:06:24]} 16. Bxh4 {[%emt 0:02:11]} Qxh4 {[%emt 0:00:05]} 17. g3 {[%emt 0:00:13]} Qe7 {[%emt 0:00:10]} 18. Bg4 {[%emt 0:04:08]} Rfe8 {[%emt 0:10:27]} 19. h4 {[%emt 0:03:17]} b5 {[%emt 0:02:10]} 20. Qd3 {[%emt 0:14:14]} b4 {[%emt 0:05:32]} 21. Ne4 Nc5 {[%emt 0:02:26]} 22. Nxc5 {[%emt 0:02:04]} Qxc5 {[%emt 0:00:04]} 23. h5 {[%emt 0:00:15]} Kg7 {[%emt 0:02:32]} 24. hxg6 {[%emt 0:00:28]} hxg6 {[%emt 0:00:05]} 25. Rh1 {[%emt 0:00:39]} Qe7 {[%emt 0:01:04]} 26. Rh4 {[%emt 0:04:09]} Rh8 {[%emt 0:00:29]} 27. Rdh1 {[%emt 0:00:07]} a5 {[%emt 0:04:45]} 28. Qf1 {[%emt 0:00:20]} g5 {[%emt 0:04:10]} 29. Rh5 {[%emt 0:00:27]} gxf4 {[%emt 0:01:12]} 30. Qh3 {[%emt 0:01:32]} Qg5 {[%emt 0:03:16]} 31. Rxg5+ {[%emt 0:00:29]} Bxg5 {[%emt 0:00:05]} 32. Qg2 {[%emt 0:00:31]} Rxh1+ {[%emt 0:00:08]} 33. Qxh1 {[%emt 0:00:03]} fxg3 {[%emt 0:00:45]} 34. Qh5 {[%emt 0:01:15]} Bh6 {[%emt 0:01:30]} 35. Bxe6 {[%emt 0:01:35]} Rf8 {[%emt 0:00:09]} 36. a3 {[%emt 0:00:21]} bxa3 {[%emt 0:01:57]} 37. Bf5 {[%emt 0:00:34]} 1-0

[Event "Portugal Open 2020"]
[Site "Lisbon"]
[Date "2020.02.01"]
[Round "9.28"]
[White "Grabuzova, Tatiana"]
[Black "Correia, Mario"]
[Result "1/2-1/2"]
[WhiteElo "2284"]
[BlackElo "2133"]
[Annotator "NA"]
[PlyCount "97"]
[EventDate "2020.01.25"]
[EventType "swiss"]
[EventCountry "POR"]
[SourceTitle "playchess.com"]
[Source "ChessBase"]
[SourceQuality "1"]
[TimeControl "5400+30"]

1. d4 {[%emt 0:00:00]} Nf6 {[%emt 0:00:00]} 2. c4 {[%emt 0:00:00]} e6 {[%emt 0:00:00]} 3. g3 {[%emt 0:00:00]} d5 {[%emt 0:00:00]} 4. Nf3 {[%emt 0:00:35]} Be7 {[%emt 0:00:24]} 5. Bg2 {[%emt 0:00:08]} O-O {[%emt 0:00:09]} 6. Nc3 {[%emt 0:00:42]} c6 {[%emt 0:00:08]} 7. O-O {[%emt 0:01:12]} Nbd7 {[%emt 0:00:18]} 8. Qc2 {[%emt 0:07:58]} b6 {[%emt 0:00:33]} 9. Rd1 {[%emt 0:03:58]} Bb7 {[%emt 0:00:23]} 10. b3 {[%emt 0:02:52]} Rc8 {[%emt 0:03:05]} 11. e4 {[%emt 0:00:32]} dxe4 {[%emt 0:02:49]} 12. Nxe4 {[%emt 0:00:11] E08: Closed Catalan: Main Line: 7 Qc2} h6 {[%emt 0:00:05]} 13. Bf4 {[%emt 0:20:18]} Nxe4 {[%emt 0:03:09]} 14. Qxe4 {[%emt 0:00:47]} Nf6 {[%emt 0:00:08]} 15. Qc2 {[%emt 0:01:21]} Bd6 {[%emt 0:00:55]} 16. Bxd6 {[%emt 0:02:49]} Qxd6 {[%emt 0:00:10]} 17. c5 {[%emt 0:00:02] [#]} Qc7 $146 {[%emt 0:04:05]} ({Predecessor:} 17... bxc5 18. dxc5 Qc7 19. Nd2 Rfd8 20. Nc4 Rxd1+ 21. Rxd1 Rd8 22. b4 Rxd1+ 23. Qxd1 Nd5 {1-0 (63) Konopka,M (2410)-Kalivoda,J (2210) Czechia 1997}) 18. Ne5 {[%emt 0:05:05]} bxc5 {[%emt 0:12:15]} 19. Qxc5 {[%emt 0:00:16]} Qb6 {[%emt 0:00:07]} 20. Qxb6 {[%emt 0:05:19]} axb6 {[%emt 0:00:09]} 21. Nc4 {[%emt 0:00:35]} Nd5 {[%emt 0:05:51]} (21... b5 $16) 22. Bxd5 {[%emt 0:02:23]} cxd5 {[%emt 0:01:14]} 23. Nxb6 {[%emt 0:00:06]} Rc6 $18 {[%emt 0:02:35]} 24. Nd7 {[%emt 0:00:33]} Ra8 {[%emt 0:01:43]} 25. Nc5 {[%emt 0:01:36]} Ba6 {[%emt 0:00:07]} 26. Rd2 {[%emt 0:00:50]} f6 {[%emt 0:01:54]} 27. b4 {[%emt 0:03:54]} Bc4 {[%emt 0:00:27]} 28. a4 {[%emt 0:01:01]} e5 {[%emt 0:00:24]} 29. b5 {[%emt 0:01:56]} Bxb5 {[%emt 0:00:30]} 30. a5 {[%emt 0:05:53]} Bc4 {[%emt 0:03:11]} 31. Nd3 {[%emt 0:00:46]} Rca6 {[%emt 0:00:49]} 32. dxe5 {[%emt 0:01:54]} fxe5 {[%emt 0:00:14]} 33. Nxe5 {[%emt 0:00:20]} Rxa5 {[%emt 0:00:09]} 34. Rxa5 {[%emt 0:02:44]} Rxa5 {[%emt 0:00:08]} 35. Rb2 {[%emt 0:03:48]} Bb5 {[%emt 0:10:02]} 36. Rc2 {[%emt 0:00:23]} Ra1+ {[%emt 0:04:42]} 37. Kg2 {[%emt 0:00:06]} Re1 {[%emt 0:00:37]} 38. f4 {[%emt 0:03:41]} d4 {[%emt 0:00:55]} 39. h4 {[%emt 0:06:30]} Kf8 {[%emt 0:04:18]} 40. Rd2 {[%emt 0:01:26]} Re2+ {[%emt 0:01:37]} 41. Rxe2 {[%emt 0:00:12]} Bxe2 {[%emt 0:00:08]} 42. Kf2 {[%emt 0:00:06]} Bb5 {[%emt 0:00:04]} 43. Kf3 {[%emt 0:01:27]} Ke7 {[%emt 0:03:32]} 44. Ke4 {[%emt 0:00:30]} Kf6 {[%emt 0:02:03]} 45. g4 {[%emt 0:02:58]} Be2 {[%emt 0:02:35]} 46. Kxd4 {[%emt 0:03:07]} Bxg4 {[%emt 0:00:22]} 47. Nxg4+ {[%emt 0:00:10]} Kf5 {[%emt 0:00:06]} 48. Nxh6+ {[%emt 0:04:03]} Kxf4 {[%emt 0:00:07]} 49. Nf7 {[%emt 0:00:12] Ke5+ Ke4+} 1/2-1/2

[Event "Portugal Open 2020"]
[Site "Lisbon"]
[Date "2020.02.01"]
[Round "9.29"]
[White "Gahan M G"]
[Black "Saltao, Joao Miguel Ramos"]
[Result "1/2-1/2"]
[WhiteElo "2245"]
[BlackElo "1912"]
[Annotator "NA"]
[PlyCount "115"]
[EventDate "2020.01.25"]
[EventType "swiss"]
[EventCountry "POR"]
[SourceTitle "playchess.com"]
[Source "ChessBase"]
[SourceQuality "1"]
[TimeControl "5400+30"]

1. e4 {[%emt 0:04:37]} e6 {[%emt 0:00:00]} 2. b3 {[%emt 0:00:32]} d5 {[%emt 0:00:00]} 3. Bb2 {[%emt 0:00:03]} dxe4 {[%emt 0:00:00]} 4. Nc3 {[%emt 0:00:03]} Nf6 {[%emt 0:00:00]} 5. Qe2 {[%emt 0:00:05]} Bd7 {[%emt 0:00:40]} 6. Nxe4 {[%emt 0:00:24]} Nxe4 {[%emt 0:01:17]} 7. Qxe4 {[%emt 0:00:07]} Bc6 {[%emt 0:00:03]} 8. Qe3 {[%emt 0:00:36]} Qd5 {[%emt 0:05:35]} 9. O-O-O {[%emt 0:05:07]} Nd7 {[%emt 0:01:11]} 10. Nf3 {[%emt 0:00:44]} Qa5 {[%emt 0:17:54]} 11. Kb1 {[%emt 0:00:29]} Bxf3 {[%emt 0:06:18]} 12. Qxf3 {[%emt 0:00:13]} c6 {[%emt 0:00:05]} 13. h4 {[%emt 0:02:45]} Rd8 {[%emt 0:12:13]} 14. h5 {[%emt 0:00:41]} h6 {[%emt 0:00:19]} 15. Rh4 {[%emt 0:02:22]} Nf6 {[%emt 0:03:08]} 16. Bxf6 {[%emt 0:00:31]} gxf6 {[%emt 0:00:02]} 17. Qxf6 {[%emt 0:00:39]} Rg8 {[%emt 0:00:10]} 18. Re4 $11 {[%emt 0:07:47]} Qxh5 {[%emt 0:04:04]} 19. Rde1 {[%emt 0:08:11]} Be7 {[%emt 0:01:12]} 20. Qc3 {[%emt 0:00:22]} Qc5 {[%emt 0:03:25]} 21. Qxc5 {[%emt 0:09:12]} Bxc5 {[%emt 0:00:48]} 22. R1e2 {[%emt 0:00:05]} Rd4 {[%emt 0:03:44]} 23. Rxd4 {[%emt 0:00:47]} Bxd4 {[%emt 0:00:05]} 24. c3 {[%emt 0:00:06]} Bb6 {[%emt 0:01:23]} 25. d4 {[%emt 0:00:36]} Ke7 {[%emt 0:00:21]} 26. Re4 {[%emt 0:01:34]} Rg6 {[%emt 0:02:20]} 27. Kc2 {[%emt 0:01:07]} Kd6 {[%emt 0:02:23]} 28. b4 {[%emt 0:01:50]} Bd8 {[%emt 0:04:15]} 29. g3 {[%emt 0:03:07]} h5 {[%emt 0:01:20]} 30. Bd3 {[%emt 0:01:21]} Rh6 {[%emt 0:00:33]} 31. Re3 {[%emt 0:03:25]} Rf6 {[%emt 0:02:05]} 32. Re2 {[%emt 0:01:30]} Rh6 {[%emt 0:00:30]} 33. Re3 {[%emt 0:02:56]} Rf6 {[%emt 0:00:17]} 34. f3 {[%emt 0:02:50]} h4 {[%emt 0:01:18]} 35. gxh4 {[%emt 0:01:26]} Rf4 {[%emt 0:00:08]} 36. h5 {[%emt 0:00:31]} Rh4 {[%emt 0:00:04]} 37. f4 {[%emt 0:01:03]} Rxh5 {[%emt 0:00:32]} 38. Rg3 {[%emt 0:01:45]} Bf6 {[%emt 0:00:11]} 39. Kb3 {[%emt 0:01:43]} b5 {[%emt 0:05:48]} 40. a4 {[%emt 0:01:05]} a6 {[%emt 0:00:01]} 41. Be4 {[%emt 0:01:37]} Rh4 {[%emt 0:01:04]} 42. Rf3 {[%emt 0:00:08]} Bh8 {[%emt 0:02:30]} 43. Rf1 {[%emt 0:01:19]} Rh3 {[%emt 0:01:02]} 44. Bf3 {[%emt 0:01:09]} Bf6 {[%emt 0:00:14]} 45. axb5 {[%emt 0:00:25]} axb5 {[%emt 0:00:01]} 46. Kc2 {[%emt 0:00:42]} Bh4 {[%emt 0:05:11]} 47. Kd3 {[%emt 0:01:46]} f6 {[%emt 0:00:28]} 48. Ke4 {[%emt 0:02:33]} f5+ {[%emt 0:06:13]} 49. Ke3 {[%emt 0:00:10]} Rh2 {[%emt 0:01:55]} 50. Ra1 {[%emt 0:04:05]} Rc2 {[%emt 0:00:06]} 51. Kd3 {[%emt 0:00:27]} Rf2 {[%emt 0:00:15]} 52. Bh1 {[%emt 0:00:51]} Rh2 {[%emt 0:00:03]} 53. Bf3 {[%emt 0:00:45]} Rf2 {[%emt 0:00:01]} 54. Ke3 {[%emt 0:01:16]} Rc2 {[%emt 0:00:16]} 55. Kd3 {[%emt 0:00:58]} Rf2 {[%emt 0:00:02]} 56. Bh5 {[%emt 0:02:07]} Bg3 {[%emt 0:01:59]} 57. Be2 {[%emt 0:02:55]} Bxf4 {[%emt 0:00:25]} 58. Rf1 {[%emt 0:00:46]} 1/2-1/2